[Event "Leipzig VfB op 25th"]
[Site "Leipzig"]
[Date "2018.03.25"]
[Round "9"]
[White "Naumann, Peter"]
[Black "Ortlepp, Kristina"]
[Result "1-0"]
[WhiteElo "1750"]
[BlackElo "1691"]
[PlyCount "79"]
[EventDate "2018.03.20"]
[EventType "swiss"]
[EventRounds "9"]
[EventCountry "GER"]
[SourceTitle "CBM 183 Extra"]
[Source "ChessBase"]
[SourceDate "2018.04.19"]
[SourceVersion "1"]
[SourceVersionDate "2018.04.19"]
[SourceQuality "1"]

1. d4 d5 2. c4 c6 3. Nc3 Nf6 4. Nf3 Bf5 5. e3 e6 6. Be2 Bd6 7. Nh4 Be4 8. f3 Ng4 9. fxe4 Qxh4+ 10. g3 Bxg3+ 11. Kd2 Nf2 12. Qg1 Nxh1 13. hxg3 Nxg3 14. exd5 exd5 15. cxd5 0-0 16. Bd3 cxd5 17. Nxd5 Nc6 18. b3 Qg5 19. Qh2 Nf1+ 20. Bxf1 Qxd5 21. Bc4 Qa5+ 22. Kc2 Rac8 23. Kb2 b5 24. Bd2 b4 25. Rg1 g6 26. d5 Nb8 27. Qh6 Qa3+ 28. Ka1 Rxc4 29. Rh1 Rfc8 30. Qxh7+ Kf8 31. Qh8+ Ke7 32. Qe5+ Kd7 33. bxc4 b3 34. Qb2 Qxa2+ 35. Qxa2 bxa2 36. Kxa2 Rxc4 37. Kb3 Rc5 38. e4 f5 39. Rh7+ Kd6 40. Bf4# 1-0

[Event "Leipzig VfB op 24th"]
[Site "Leipzig"]
[Date "2017.03.23"]
[Round "4"]
[White "Ehrich, Dieter"]
[Black "Naumann, Peter"]
[Result "1/2-1/2"]
[WhiteElo "1648"]
[BlackElo "1812"]
[PlyCount "110"]
[EventDate "2017.03.21"]
[EventType "swiss"]
[EventRounds "9"]
[EventCountry "GER"]
[SourceTitle "EXT 2018"]
[Source "ChessBase"]
[SourceDate "2017.10.13"]
[SourceVersion "1"]
[SourceVersionDate "2017.10.13"]
[SourceQuality "1"]

1. c4 e5 2. g3 Nf6 3. Bg2 Bc5 4. e3 Nc6 5. Nc3 d6 6. Nf3 Bg4 7. 0-0 e4 8. d4 exf3 9. Bxf3 Bxf3 10. Qxf3 Bb6 11. b4 Qc8 12. c5 dxc5 13. dxc5 Nxb4 14. cxb6 axb6 15. Ne4 Nbd5 16. Bb2 Nxe4 17. Qxe4+ Qe6 18. Qxe6+ fxe6 19. Bxg7 Rg8 20. Be5 c5 21. a3 Ke7 22. Rfd1 Ra4 23. Rdb1 Rga8 24. e4 Rxe4 25. Re1 Rxa3 26. Rxe4 Rxa1+ 27. Bxa1 b5 28. Rh4 b6 29. Rxh7+ Kd6 30. Rf7 c4 31. h4 b4 32. h5 c3 33. h6 b3 34. Rf3 b2 35. Bxb2 cxb2 36. Rb3 Nf6 37. Rxb6+ Ke7 38. Rxb2 Kf7 39. Rb7+ Kg6 40. h7 Nxh7 41. Rxh7 Kxh7 42. Kg2 Kg6 43. Kh3 Kg5 44. f3 e5 45. Kg2 Kf5 46. Kf2 e4 47. g4+ Ke5 48. Ke3 exf3 49. Kxf3 Kf6 50. Kf4 Kg6 51. g5 Kg7 52. Kf5 Kf7 53. g6+ Kg7 54. Kg5 Kg8 55. Kf6 Kf8 1/2-1/2

[Event "Leipzig VfB op 24th"]
[Site "Leipzig"]
[Date "2017.03.22"]
[Round "3"]
[White "Naumann, Peter"]
[Black "Pruefer, Friedbert"]
[Result "0-1"]
[WhiteElo "1812"]
[BlackElo "2196"]
[PlyCount "54"]
[EventDate "2017.03.21"]
[EventType "swiss"]
[EventRounds "9"]
[EventCountry "GER"]
[SourceTitle "EXT 2018"]
[Source "ChessBase"]
[SourceDate "2017.10.13"]
[SourceVersion "1"]
[SourceVersionDate "2017.10.13"]
[SourceQuality "1"]

1. d4 Nf6 2. c4 e5 3. dxe5 Ng4 4. Nf3 Bc5 5. e3 Nc6 6. a3 a5 7. Qd5 Qe7 8. b3 Ngxe5 9. Bb2 d6 10. Nxe5 dxe5 11. Be2 0-0 12. 0-0 Bf5 13. Qd2 Rad8 14. Qc3 f6 15. a4 Rd7 16. Ba3 Bb4 17. Bxb4 axb4 18. Qc1 Rfd8 19. Rd1 Rxd1+ 20. Bxd1 Qd7 21. Bf3 e4 22. Be2 Na5 23. Qc2 Bg4 24. Bxg4 Qxg4 25. Nd2 Qe2 26. Rd1 c5 27. g3 Rd3 0-1

[Event "Leipzig VfB op 23rd"]
[Site "Leipzig"]
[Date "2016.03.19"]
[Round "8"]
[White "Naumann, Peter"]
[Black "Sell, Markus"]
[Result "0-1"]
[WhiteElo "1817"]
[BlackElo "1813"]
[PlyCount "88"]
[EventDate "2016.03.15"]
[EventType "swiss"]
[EventRounds "9"]
[EventCountry "GER"]
[SourceTitle "EXT 2017"]
[Source "ChessBase"]
[SourceDate "2016.10.25"]
[SourceVersion "1"]
[SourceVersionDate "2016.10.25"]
[SourceQuality "1"]

1. d4 e6 2. c4 f5 3. Nc3 Nf6 4. Nf3 d5 5. Bg5 Be7 6. e3 0-0 7. Qc2 c6 8. Bd3 Nbd7 9. 0-0 Ne4 10. Bxe7 Qxe7 11. Nd2 g5 12. Ndxe4 fxe4 13. Be2 Nf6 14. Rfd1 Bd7 15. Rab1 Be8 16. b4 Rc8 17. Qb3 a6 18. Rbc1 Qf7 19. f3 exf3 20. Bxf3 g4 21. Be2 Qh5 22. Rf1 Qg5 23. Rf4 Bg6 24. Rcf1 Bf5 25. Na4 Rc7 26. Nc5 Re7 27. Bd3 Nh5 28. Nxe6 Rxe6 29. Bxf5 Nxf4 30. Bxe6+ Nxe6 31. Re1 Qf5 32. Qd1 Qf2+ 33. Kh1 h5 34. cxd5 cxd5 35. Qb1 Qf5 36. Qc1 Ng5 37. a4 Ne4 38. Qa1 h4 39. Kg1 Qf2+ 40. Kh1 h3 41. Rg1 Qxe3 42. Re1 hxg2+ 43. Kxg2 Qh3+ 44. Kg1 Rf2 0-1

[Event "Leipzig VfB op 23rd"]
[Site "Leipzig"]
[Date "2016.03.16"]
[Round "2"]
[White "Naumann, Peter"]
[Black "Ott, Herbert"]
[Result "1-0"]
[WhiteElo "1817"]
[BlackElo "1649"]
[PlyCount "59"]
[EventDate "2016.03.15"]
[EventType "swiss"]
[EventRounds "9"]
[EventCountry "GER"]
[SourceTitle "EXT 2017"]
[Source "ChessBase"]
[SourceDate "2016.10.25"]
[SourceVersion "1"]
[SourceVersionDate "2016.10.25"]
[SourceQuality "1"]

1. d4 d5 2. c4 c6 3. Nc3 e6 4. Nf3 Nf6 5. Bg5 Be7 6. e3 Nbd7 7. Bd3 h6 8. Bf4 dxc4 9. Bxc4 Nb6 10. Bb3 Nbd5 11. Nxd5 Nxd5 12. Bg3 Bb4+ 13. Nd2 Bd6 14. Bxd6 Qxd6 15. 0-0 0-0 16. Rc1 Qd7 17. Ne4 b6 18. Ba4 Bb7 19. a3 Rac8 20. Qd3 Qe7 21. b4 Nf6 22. Nxf6+ Qxf6 23. Qe4 b5 24. Bxb5 Qf5 25. Qxf5 exf5 26. Be2 Rc7 27. Rc5 g6 28. Rfc1 Rfc8 29. b5 Kf8 30. d5 1-0

[Event "Leipzig VfB op 22nd"]
[Site "Leipzig"]
[Date "2015.03.07"]
[Round "7"]
[White "Hofmann, Helge"]
[Black "Naumann, Peter"]
[Result "0-1"]
[WhiteElo "1787"]
[BlackElo "1842"]
[PlyCount "86"]
[EventDate "2015.03.03"]
[EventType "swiss"]
[EventRounds "9"]
[EventCountry "GER"]
[SourceTitle "EXT 2016"]
[Source "ChessBase"]
[SourceDate "2015.10.08"]
[SourceVersion "1"]
[SourceVersionDate "2015.10.08"]
[SourceQuality "1"]

1. e4 e5 2. Nf3 Nc6 3. d4 exd4 4. c3 dxc3 5. Nxc3 Nf6 6. Bc4 Bb4 7. 0-0 Bxc3 8. bxc3 0-0 9. e5 Ne4 10. Qd3 Nc5 11. Qc2 h6 12. Bf4 Ne6 13. Bg3 a6 14. a4 b6 15. Rad1 Qe7 16. Bd3 Bb7 17. Nd4 Rac8 18. Nf5 Qc5 19. Rfe1 Ne7 20. Nxe7+ Qxe7 21. f4 Nc5 22. Bc4 a5 23. Bf2 Bc6 24. Bb5 Bxb5 25. axb5 a4 26. Qa2 Ra8 27. Qa3 Rfd8 28. Rd5 c6 29. Rd6 Nb7 30. Bxb6 Rdc8 31. Red1 cxb5 32. Bd4 Nxd6 33. exd6 Qe2 34. Rb1 Rc6 35. h3 Rb8 36. Rb2 Qc4 37. Rd2 f6 38. Kh2 Re8 39. Qb2 Rxd6 40. Qa3 Rde6 41. Bb6 Re2 42. Rd4 Qc6 43. Bc5 Qxg2# 0-1

[Event "Leipzig VfB op 22nd"]
[Site "Leipzig"]
[Date "2015.03.05"]
[Round "5"]
[White "Bielfeldt, Michael"]
[Black "Naumann, Peter"]
[Result "1-0"]
[WhiteElo "1710"]
[BlackElo "1842"]
[PlyCount "64"]
[EventDate "2015.03.03"]
[EventType "swiss"]
[EventRounds "9"]
[EventCountry "GER"]
[SourceTitle "EXT 2016"]
[Source "ChessBase"]
[SourceDate "2015.10.08"]
[SourceVersion "1"]
[SourceVersionDate "2015.10.08"]
[SourceQuality "1"]

1. d4 Nf6 2. Bf4 e6 3. e3 d5 4. Nf3 Nc6 5. Bd3 Nh5 6. Bg5 Be7 7. Bxe7 Qxe7 8. 0-0 Nf6 9. c4 a6 10. Ne5 Nxe5 11. dxe5 Nd7 12. f4 Qc5 13. Qe2 dxc4 14. Bxc4 b5 15. Bb3 Bb7 16. Nd2 0-0 17. Rac1 Qb6 18. Rfd1 Rfd8 19. Bc2 Rac8 20. Nb3 g6 21. Nd4 c5 22. Nb3 a5 23. Rd6 Bc6 24. Rcd1 a4 25. Nd2 Qc7 26. Be4 Bxe4 27. Nxe4 c4 28. Qd2 Kg7 29. Rxd7 Rxd7 30. Qxd7 Qb8 31. Ng5 Rc7 32. Nxe6+ Kh6 1-0

[Event "Leipzig VfB op 22nd"]
[Site "Leipzig"]
[Date "2015.03.04"]
[Round "3"]
[White "Huelle, Gunter"]
[Black "Naumann, Peter"]
[Result "1-0"]
[WhiteElo "1754"]
[BlackElo "1842"]
[PlyCount "91"]
[EventDate "2015.03.03"]
[EventType "swiss"]
[EventRounds "9"]
[EventCountry "GER"]
[SourceTitle "EXT 2016"]
[Source "ChessBase"]
[SourceDate "2015.10.08"]
[SourceVersion "1"]
[SourceVersionDate "2015.10.08"]
[SourceQuality "1"]

1. b4 e5 2. Bb2 d6 3. e3 Nf6 4. Nf3 g6 5. d4 e4 6. Nfd2 d5 7. a3 Bd6 8. c4 c6 9. Nc3 Be6 10. cxd5 cxd5 11. Nb5 a6 12. Nxd6+ Qxd6 13. Be2 Nc6 14. 0-0 h5 15. Nb3 Ng4 16. g3 Nxh2 17. Kxh2 h4 18. Rh1 hxg3+ 19. Kg2 Ke7 20. fxg3 Rag8 21. Nc5 Bc8 22. Qf1 f5 23. Qf4 Qxf4 24. gxf4 g5 25. Rxh8 Rxh8 26. fxg5 Rg8 27. Rh1 Rxg5+ 28. Kf2 Nd8 29. Rg1 Nf7 30. Rxg5 Nxg5 31. Kg3 Kf6 32. a4 Nf7 33. b5 axb5 34. axb5 Ke7 35. Ba3 Kd8 36. b6 Nh6 37. Kf4 Nf7 38. Bb4 Nh6 39. Be1 Ng4 40. Bh4+ Ke8 41. Bxg4 fxg4 42. Ke5 Bd7 43. Nxb7 Bc6 44. Na5 Kd7 45. Nxc6 Kxc6 46. b7 1-0

[Event "Leipzig VfB op 21st"]
[Site "Leipzig"]
[Date "2014.03.08"]
[Round "7"]
[White "Schmidt, Matthias"]
[Black "Naumann, Peter"]
[Result "1-0"]
[WhiteElo "2008"]
[BlackElo "1852"]
[PlyCount "89"]
[EventDate "2014.03.04"]
[EventType "tourn"]
[EventRounds "9"]
[EventCountry "GER"]
[SourceTitle "CBM 159 Extra"]
[Source "ChessBase"]
[SourceDate "2014.04.24"]
[SourceVersion "1"]
[SourceVersionDate "2014.04.24"]
[SourceQuality "1"]

1. Nf3 d5 2. g3 Nf6 3. Bg2 Nc6 4. d4 e6 5. 0-0 Bd6 6. c4 h6 7. Nc3 0-0 8. cxd5 exd5 9. a3 a6 10. b4 Ne7 11. Bb2 c6 12. Na4 Re8 13. Nc5 Ng6 14. Re1 Rb8 15. Nd3 Bf5 16. Nfe5 Qc7 17. Nxg6 Bxg6 18. Rc1 Nd7 19. Bxd5 Re7 20. Bg2 Rbe8 21. e3 Nf6 22. d5 Be4 23. Bxf6 gxf6 24. Bxe4 Rxe4 25. dxc6 bxc6 26. Nc5 Bxc5 27. Rxc5 R4e5 28. Qc2 Rxc5 29. Qxc5 Re5 30. Qc3 a5 31. Rc1 axb4 32. axb4 Re6 33. b5 Kf8 34. Qc5+ Ke8 35. b6 Qb7 36. Qa5 Kd8 37. Rd1+ Kc8 38. Qc5 Qe7 39. Qa5 Qb7 40. Ra1 Re5 41. Qb4 c5 42. Qg4+ Kd8 43. Ra7 Qc6 44. Qg8+ Re8 45. Qxf7 1-0

[Event "Leipzig VfB op 21st"]
[Site "Leipzig"]
[Date "2014.03.08"]
[Round "9"]
[White "Zaerban, Jan Christopher"]
[Black "Naumann, Peter"]
[Result "1-0"]
[WhiteElo "1961"]
[BlackElo "1852"]
[PlyCount "79"]
[EventDate "2014.03.04"]
[EventType "tourn"]
[EventRounds "9"]
[EventCountry "GER"]
[SourceTitle "CBM 159 Extra"]
[Source "ChessBase"]
[SourceDate "2014.04.24"]
[SourceVersion "1"]
[SourceVersionDate "2014.04.24"]
[SourceQuality "1"]

1. d4 Nf6 2. c4 e6 3. Nc3 d5 4. Bg5 Be7 5. e3 0-0 6. Nf3 h6 7. Bh4 Nc6 8. Rc1 a6 9. a3 Ne8 10. Bg3 Bd6 11. Bh4 Be7 12. Bg3 Bd6 13. Qc2 Bxg3 14. hxg3 Ne7 15. g4 f6 16. Nh4 Kf7 17. Bd3 dxc4 18. Bxc4 Nd6 19. Ba2 Bd7 20. Na4 b6 21. Nc3 Rh8 22. Ne2 Rc8 23. b4 Qe8 24. Bb3 g5 25. Nf5 Nexf5 26. gxf5 Kg7 27. fxe6 Bxe6 28. Ng3 Qf7 29. Nh5+ Kf8 30. Bxe6 Qxe6 31. Qg6 Ne8 32. Ng3 Qf7 33. Qf5 Nd6 34. Qf3 Ke7 35. Nf5+ Nxf5 36. Qxf5 h5 37. 0-0 h4 38. Rc6 Rhd8 39. Rfc1 Kf8 40. Rxf6 1-0

[Event "Leipzig VfB op 21st"]
[Site "Leipzig"]
[Date "2014.03.07"]
[Round "6"]
[White "Naumann, Peter"]
[Black "Knolmayer, Volker"]
[Result "1-0"]
[WhiteElo "1852"]
[BlackElo "1748"]
[PlyCount "93"]
[EventDate "2014.03.04"]
[EventType "tourn"]
[EventRounds "9"]
[EventCountry "GER"]
[SourceTitle "CBM 159 Extra"]
[Source "ChessBase"]
[SourceDate "2014.04.24"]
[SourceVersion "1"]
[SourceVersionDate "2014.04.24"]
[SourceQuality "1"]

1. d4 d5 2. c4 dxc4 3. Nc3 e6 4. e4 c5 5. d5 a6 6. Bxc4 b5 7. Bb3 c4 8. Bc2 Nf6 9. Bg5 Be7 10. dxe6 Bxe6 11. Qxd8+ Bxd8 12. e5 Nfd7 13. Bxd8 Kxd8 14. Rd1 Ke7 15. Be4 Ra7 16. f4 g6 17. Nf3 Nc5 18. 0-0 Nxe4 19. Nxe4 Rd7 20. Nd6 Nc6 21. a3 h6 22. h3 Rhd8 23. g4 Kf8 24. Nd4 Nxd4 25. Rxd4 f5 26. gxf5 Bxf5 27. Kh2 Ke7 28. Rfd1 Bd3 29. Kg3 Ke6 30. Re1 Bf5 31. h4 Rg8 32. Kf3 Bd3 33. Rg1 Rgg7 34. b3 g5 35. hxg5 hxg5 36. bxc4 bxc4 37. Re1 gxf4 38. Rxf4 Kd5 39. Ne8 Rgf7 40. Nf6+ Ke6 41. Nxd7 Rxf4+ 42. Kxf4 Kxd7 43. e6+ Kd6 44. e7 Bg6 45. e8Q Bxe8 46. Rxe8 Kc5 47. Ke4 1-0

[Event "Leipzig VfB op 21st"]
[Site "Leipzig"]
[Date "2014.03.04"]
[Round "1"]
[White "Naumann, Peter"]
[Black "Braeuer, Franz"]
[Result "0-1"]
[WhiteElo "1852"]
[BlackElo "2274"]
[PlyCount "104"]
[EventDate "2014.03.04"]
[EventType "tourn"]
[EventRounds "9"]
[EventCountry "GER"]
[SourceTitle "CBM 159 Extra"]
[Source "ChessBase"]
[SourceDate "2014.04.24"]
[SourceVersion "1"]
[SourceVersionDate "2014.04.24"]
[SourceQuality "1"]

1. d4 Nf6 2. c4 e6 3. Nc3 Bb4 4. a3 Bxc3+ 5. bxc3 b6 6. Qc2 Bb7 7. Bg5 h6 8. Bh4 d6 9. f3 Nbd7 10. e4 Qe7 11. Bd3 g5 12. Bf2 e5 13. Ne2 Nh5 14. 0-0 Rg8 15. g4 Ng7 16. Ng3 h5 17. d5 0-0-0 18. Be3 Rh8 19. Kg2 Rh7 20. Qd2 Rdh8 21. Rh1 f6 22. h3 Nf8 23. Be2 Ng6 24. Bd3 Kd8 25. Qb2 Bc8 26. Nf5 Qf8 27. Rae1 Nxf5 28. gxf5 Nf4+ 29. Bxf4 gxf4 30. Kh2 Rg8 31. Rhg1 Rhg7 32. Rxg7 Qxg7 33. Qf2 h4 34. Rg1 Qg3+ 35. Qxg3 fxg3+ 36. Kg2 Bd7 37. f4 Ke7 38. fxe5 dxe5 39. Bc2 Kd6 40. Bd3 Be8 41. Kf3 Bh5+ 42. Ke3 g2 43. Be2 Rg3+ 44. Kf2 Bxe2 45. Kxe2 Kc5 46. Kf2 Kxc4 47. Rxg2 Rxg2+ 48. Kxg2 b5 49. Kf3 Kxc3 50. Kg4 a5 51. Kxh4 b4 52. axb4 axb4 0-1

[Event "Leipzig VfB op 20th"]
[Site "Leipzig"]
[Date "2013.03.08"]
[Round "6"]
[White "Naumann, Peter"]
[Black "Caprita, Victor"]
[Result "1-0"]
[WhiteElo "1851"]
[BlackElo "1429"]
[PlyCount "86"]
[EventDate "2013.03.05"]
[EventType "swiss"]
[EventRounds "9"]
[EventCountry "GER"]
[SourceTitle "EXT 2014"]
[Source "ChessBase"]
[SourceDate "2013.11.20"]
[SourceVersion "1"]
[SourceVersionDate "2013.11.20"]
[SourceQuality "1"]

1. d4 d5 2. c4 e6 3. Nc3 Nf6 4. Nf3 c5 5. dxc5 Bxc5 6. cxd5 exd5 7. Bg5 Be7 8. e3 Bf5 9. Qb3 Qb6 10. Qxb6 axb6 11. a3 0-0 12. Be2 Nc6 13. Rd1 Rfd8 14. 0-0 h6 15. Bf4 Rac8 16. Nb5 Rd7 17. Rc1 Ne4 18. Nfd4 Be6 19. Nc3 Nxd4 20. exd4 Nxc3 21. bxc3 Bxa3 22. Rc2 Bb4 23. Rfc1 Bf5 24. Ra2 Rxc3 25. Ra8+ Kh7 26. Rca1 Rc2 27. Kf1 Bc3 28. Rd1 Re7 29. Be3 Bg6 30. Rd8 f5 31. Bd3 Ra2 32. Rxd5 Ra5 33. Rd6 b5 34. Rd5 f4 35. Bxg6+ Kxg6 36. Bxf4 Ra1 37. Rxa1 Bxa1 38. Be3 b4 39. Rb5 Bc3 40. d5 Kf6 41. Ke2 Re5 42. f4 Re7 43. Kd3 Kf5 1-0

[Event "Leipzig VfB op 20th"]
[Site "Leipzig"]
[Date "2013.03.07"]
[Round "5"]
[White "Spreer, Lutz"]
[Black "Naumann, Peter"]
[Result "1-0"]
[WhiteElo "1686"]
[BlackElo "1851"]
[PlyCount "45"]
[EventDate "2013.03.05"]
[EventType "swiss"]
[EventRounds "9"]
[EventCountry "GER"]
[SourceTitle "EXT 2014"]
[Source "ChessBase"]
[SourceDate "2013.11.20"]
[SourceVersion "1"]
[SourceVersionDate "2013.11.20"]
[SourceQuality "1"]

1. e4 e5 2. Nf3 Nc6 3. Bc4 Bc5 4. c3 d6 5. d4 exd4 6. cxd4 Bb4+ 7. Nc3 h6 8. d5 Nce7 9. Qa4+ c6 10. Qxb4 b5 11. Bb3 a5 12. Qd4 Nf6 13. dxc6 Nxc6 14. Qd3 b4 15. Nd5 Ng4 16. h3 Ba6 17. Qc2 Nge5 18. Nxe5 Nd4 19. Qc7 dxe5 20. Qxe5+ Ne6 21. Nf4 Qd4 22. Ba4+ Kf8 23. Nxe6+ 1-0

[Event "Leipzig VfB op 19th"]
[Site "Leipzig"]
[Date "2012.03.10"]
[Round "8"]
[White "Hofmann, Helge"]
[Black "Naumann, Peter"]
[Result "1-0"]
[WhiteElo "1630"]
[BlackElo "1867"]
[PlyCount "49"]
[EventDate "2012.03.06"]
[EventType "swiss"]
[EventRounds "9"]
[EventCountry "GER"]
[SourceTitle "CBM 147 Extra"]
[Source "ChessBase"]
[SourceDate "2012.04.24"]
[SourceVersion "1"]
[SourceVersionDate "2012.04.24"]
[SourceQuality "1"]

1. e4 e5 2. Nf3 Nc6 3. d4 exd4 4. c3 dxc3 5. Nxc3 Bb4 6. Bc4 d6 7. Qb3 Bxc3+ 8. bxc3 Qe7 9. Ng5 Nh6 10. 0-0 0-0 11. Bd3 Ne5 12. Bc2 Kh8 13. f4 Ng6 14. Bd2 f6 15. Nf3 Nf7 16. Rae1 b6 17. Nd4 Bb7 18. c4 Nd8 19. Qg3 Qf7 20. e5 Qxc4 21. Bc3 c5 22. Bb3 Qa6 23. Nf5 c4 24. exf6 gxf6 25. Bxf6+ 1-0

[Event "Leipzig VfB op 19th"]
[Site "Leipzig"]
[Date "2012.03.10"]
[Round "7"]
[White "Naumann, Peter"]
[Black "Bergmann, Thomas"]
[Result "0-1"]
[WhiteElo "1867"]
[BlackElo "1776"]
[PlyCount "184"]
[EventDate "2012.03.06"]
[EventType "swiss"]
[EventRounds "9"]
[EventCountry "GER"]
[SourceTitle "CBM 147 Extra"]
[Source "ChessBase"]
[SourceDate "2012.04.24"]
[SourceVersion "1"]
[SourceVersionDate "2012.04.24"]
[SourceQuality "1"]

1. d4 Nf6 2. c4 g6 3. Nc3 Bg7 4. e4 d6 5. Nf3 0-0 6. h3 Nc6 7. Be3 e5 8. d5 Ne7 9. Bd3 Ne8 10. g4 f5 11. gxf5 gxf5 12. Ng5 f4 13. Bd2 Nxd5 14. exd5 Qxg5 15. Qf3 Bf5 16. Ne4 Bxe4 17. Bxe4 Qe7 18. 0-0-0 Nf6 19. Bf5 Nd7 20. Rde1 Rxf5 21. Qe4 Raf8 22. b4 Qf6 23. Reg1 Rg5 24. Rf1 Qf5 25. Qe2 e4 26. h4 Rg6 27. h5 Rg5 28. Rh4 Qe5 29. h6 Bh8 30. Rg4 Rff5 31. Rfg1 Nf6 32. Bxf4 Qc3+ 33. Kd1 Qa1+ 34. Bc1 Qd4+ 35. Bd2 Rxg4 36. Rxg4+ Kf7 37. Rg2 Rh5 38. Kc2 Rh3 39. Be3 Qd3+ 40. Qxd3 exd3+ 41. Kxd3 Ng8 42. Rg3 Rxg3 43. fxg3 Kg6 44. Ke4 Nxh6 45. Bxh6 Kxh6 46. Kf5 Bc3 47. b5 Kg7 48. Ke6 Kg6 49. Kd7 Ba5 50. Kc8 Kg5 51. Kxb7 Bb6 52. a4 Kg4 53. Ka6 Kxg3 54. a5 Bc5 55. Kb7 h5 56. Kxc7 h4 57. b6 axb6 58. axb6 h3 59. b7 h2 60. b8Q h1Q 61. Kc6 Qd1 62. Qb5 Kf4 63. Kc7 Qe1 64. Qa4 Qe7+ 65. Kc8 Qa7 66. Qb5 Qa8+ 67. Kc7 Qa3 68. Kc6 Qb4 69. Qa6 Qb8 70. Kd7 Qf8 71. Qa1 Qf7+ 72. Kc6 Qe8+ 73. Kc7 Qe7+ 74. Kc6 Qe3 75. Qb1 Qe4 76. Qc1+ Kf5 77. Qc3 Qe5 78. Qd3+ Qe4 79. Qh3+ Ke5 80. Qc3+ Kf5 81. Qh3+ Kf4 82. Qc3 Qe3 83. Qc2 Kf3 84. Kd7 Qa3 85. Ke6 Ke3 86. Qd1 Qd3 87. Qg1+ Kd2 88. Qxc5 dxc5 89. d6 Qxc4+ 90. Kd7 Qd5 91. Kc7 c4 92. d7 c3 0-1

[Event "Leipzig VfB op 18th"]
[Site "Leipzig"]
[Date "2011.03.27"]
[Round "9"]
[White "Naumann, Peter"]
[Black "Garbe, Maximilian"]
[Result "1-0"]
[WhiteElo "1867"]
[BlackElo "1695"]
[PlyCount "79"]
[EventDate "2011.03.20"]
[EventType "swiss"]
[EventRounds "9"]
[EventCountry "GER"]
[SourceTitle "CBM 141 Extra"]
[Source "ChessBase"]
[SourceDate "2011.05.03"]
[SourceVersion "1"]
[SourceVersionDate "2011.05.03"]
[SourceQuality "1"]

1. d4 d5 2. c4 e6 3. Nc3 c6 4. Nf3 dxc4 5. e4 b5 6. a4 Bb4 7. Bd2 Bxc3 8. bxc3 Bb7 9. Qb1 a6 10. Bxc4 Qc7 11. Bd3 h6 12. 0-0 Nf6 13. Rc1 0-0 14. c4 bxa4 15. Bb4 Re8 16. Rxa4 Nbd7 17. e5 Nh5 18. Bd6 Qc8 19. Rb4 Ra7 20. Nd2 Nf4 21. Bf1 c5 22. dxc5 Bxg2 23. Bxg2 Ne2+ 24. Kf1 Nxc1 25. Qxc1 f6 26. exf6 Nxf6 27. c6 e5 28. Ne4 Nxe4 29. Bxe4 Qh3+ 30. Kg1 Qg4+ 31. Bg2 Qd4 32. Bd5+ Kh8 33. Qe3 Qg4+ 34. Qg3 Qd1+ 35. Kg2 e4 36. Rb7 Rxb7 37. cxb7 e3 38. Be5 Rxe5 39. b8Q+ Kh7 40. Qg8# 1-0

[Event "Leipzig VfB op 15th"]
[Site "Leipzig"]
[Date "2008.03.01"]
[Round "8"]
[White "Naumann, Peter"]
[Black "Ebert, Karsten"]
[Result "0-1"]
[WhiteElo "1906"]
[BlackElo "1903"]
[PlyCount "64"]
[EventDate "2008.02.26"]
[EventType "swiss"]
[EventRounds "9"]
[EventCountry "GER"]
[SourceTitle "CBM 123 Extra"]
[Source "ChessBase"]
[SourceDate "2008.05.06"]
[SourceVersion "1"]
[SourceVersionDate "2008.05.06"]
[SourceQuality "1"]

1. d4 Nf6 2. c4 g6 3. Nc3 Bg7 4. g3 0-0 5. Bg2 d6 6. Qb3 c6 7. Nf3 Nbd7 8. 0-0 Rb8 9. Bd2 b5 10. cxb5 cxb5 11. a3 a6 12. Rac1 Nb6 13. Rfe1 Nc4 14. e4 Nxd2 15. Nxd2 Qb6 16. Nf3 e6 17. Qd1 Nd7 18. b4 Qd8 19. d5 e5 20. Nd2 Bh6 21. Rc2 Nb6 22. Bf1 Kh8 23. Nb3 f5 24. f3 fxe4 25. fxe4 Rb7 26. Na5 Rbf7 27. Nc6 Qg5 28. Bd3 Bh3 29. Nb1 Nc4 30. Nd2 Ne3 31. Qc1 Nxc2 32. Re2 Qf6 0-1

[Event "Leipzig VfB op 15th"]
[Site "Leipzig"]
[Date "2008.02.28"]
[Round "4"]
[White "Naumann, Peter"]
[Black "Pantusenko, Valeria"]
[Result "1-0"]
[WhiteElo "1906"]
[BlackElo "1486"]
[PlyCount "121"]
[EventDate "2008.02.26"]
[EventType "swiss"]
[EventRounds "9"]
[EventCountry "GER"]
[SourceTitle "CBM 123 Extra"]
[Source "ChessBase"]
[SourceDate "2008.05.06"]
[SourceVersion "1"]
[SourceVersionDate "2008.05.06"]
[SourceQuality "1"]

1. d4 d5 2. c4 e6 3. Nc3 c6 4. cxd5 exd5 5. Nf3 Bf5 6. Bf4 Bd6 7. Bxd6 Qxd6 8. e3 Ne7 9. Be2 Nd7 10. Rc1 Nf6 11. 0-0 Ng6 12. a3 0-0 13. b4 a5 14. Qb3 axb4 15. axb4 Ne4 16. Nxe4 Bxe4 17. b5 Ra3 18. Qb2 Rfa8 19. bxc6 bxc6 20. Qb7 Ne7 21. Ne5 R3a7 22. Qb6 Ra2 23. Rce1 Rb8 24. Qc5 Qxc5 25. dxc5 f6 26. Nd3 Rba8 27. Nf4 Kf7 28. Bg4 f5 29. Bd1 Ra1 30. Bh5+ g6 31. Bxg6+ hxg6 32. Rxa1 Rxa1 33. Rxa1 g5 34. Ne2 Bd3 35. Ng3 Kf6 36. Ra7 Ng6 37. Nh5+ Ke5 38. Rg7 f4 39. exf4+ gxf4 40. Rf7 Kd4 41. Nxf4 Nxf4 42. Rxf4+ Kxc5 43. f3 d4 44. Kf2 Kc4 45. g4 c5 46. Rf8 Kc3 47. Ke1 Bc2 48. g5 c4 49. h4 d3 50. Rd8 Bb3 51. g6 Kc2 52. h5 c3 53. h6 d2+ 54. Kf2 d1Q 55. Rxd1 Kxd1 56. h7 c2 57. h8Q c1Q 58. Qh1+ Kd2 59. Qxc1+ Kxc1 60. Ke3 Kc2 61. f4 1-0

[Event "Leipzig VfB op 15th"]
[Site "Leipzig"]
[Date "2008.02.27"]
[Round "2"]
[White "Schroeder, Daniel"]
[Black "Naumann, Peter"]
[Result "1-0"]
[WhiteElo "1772"]
[BlackElo "1906"]
[PlyCount "79"]
[EventDate "2008.02.26"]
[EventType "swiss"]
[EventRounds "9"]
[EventCountry "GER"]
[SourceTitle "CBM 123 Extra"]
[Source "ChessBase"]
[SourceDate "2008.05.06"]
[SourceVersion "1"]
[SourceVersionDate "2008.05.06"]
[SourceQuality "1"]

1. e4 e5 2. Nf3 Nc6 3. Bb5 a6 4. Ba4 Nf6 5. 0-0 b5 6. Bb3 Be7 7. Re1 d6 8. c3 Bg4 9. d3 0-0 10. Nbd2 Qd7 11. Nf1 Na5 12. Bc2 c5 13. Ng3 h6 14. h3 Be6 15. d4 Qc7 16. d5 Bd7 17. b3 Nb7 18. Be3 Nh7 19. Qd2 Kh8 20. b4 g5 21. a4 a5 22. axb5 axb4 23. cxb4 cxb4 24. Qxb4 Qxc2 25. Rac1 Qa4 26. Qxa4 Rxa4 27. Rc7 Nf6 28. Rxb7 Rb4 29. b6 Ra8 30. Nd2 Kg8 31. Ra7 Rb8 32. Rea1 R4xb6 33. Bxb6 Rxb6 34. Rc7 Rb2 35. Ngf1 Kf8 36. Ra8+ Be8 37. f3 Nh5 38. Kf2 g4 39. Ke2 gxf3+ 40. gxf3 1-0